| 000 | 00000nam 2200000za 4500 |
| 001 | 9.674703 |
| 003 | CaOODSP |
| 005 | 20250125192509 |
| 007 | cr ||||||||||| |
| 008 | 150407|2009||||xxc|||||o f|0| 0 hin d |
| 020 | |a978-0-662-03128-4 |
| 040 | |aCaOODSP|beng |
| 043 | |an-cn--- |
| 086 | 1 |aCi4-12/2009Hin-PDF|zCi4-12/2009Hi-PDF |
| 110 | 1 |aCanada. |bCitizenship and Immigration Canada. |
| 245 | 10|a[Immigration fraud] |h[electronic resource]. |
| 250 | |a[Hindi edition]. |
| 260 | |aOttawa - Ontario : |bCitizenship and Immigration Canada |c[2009?]. |
| 300 | |a1p. |
| 546 | |aText in Hindi. |
| 590 | |a11-05-Supp|b2011-03-15 |
| 690 | 07|aFraud|2gcpds |
| 690 | 07|aImmigration|2gcpds |
| 792 | |t[Fraude en matière d'immigration] |efre|w(CaOODSP)9.674704 |
| 856 | 40|ahttp://publications.gc.ca|qPDF|s203 KB|uhttps://publications.gc.ca/collections/collection_2011/cic/Ci4-12-2009-hin.pdf |